000 01420nam a22004217a 4500
003 OSt
005 20230524104654.0
008 221006b |||||||| |||| 00| 0 eng d
040 _cBiblioteca Lado V
082 _a700
_bA786l
110 _9830
_aARTEDER
_eEditor
245 _aLAPIZ/
_bRevista Mensual de Arte/
260 _bFeria internacional de Bilbao
_c1995
_aEspaƱa
300 _c22x29cm
_a98p.
366 _espa
490 _a116
_vXIII
505 _aEDITORIAL
505 _aFOTOGRAFIA MEXICANA
505 _aENTREVISTA CON GARY HILL
505 _aOTRA ESCULTURA ANDALUZA
505 _aARTE ARGENTINO DE LOS 90
505 _aENTREVISTA CON HANS HAACKE
505 _aHANS HAACKE
505 _aMANUEL BAPTISTA
505 _aMALCOLM MORLEY
505 _aCRONICAS DE EXPOSICIONES
505 _aPublicaciones
650 _2Tesauro de Arte & Arquitectura
_aARTE
_9703
650 _2Tesauro de Arte & Arquitectura
_aARQUITECTURA
650 _2Tesauro de Arte & Arquitectura
_aFOTOGRAFIA
_9702
650 _2Tesauro de Arte & Arquitectura
_aENTREVISTAS
650 _2Tesauro de Arte & Arquitectura
_aARQUEOLOGIA
650 _2Tesauro de Arte & Arquitectura
_aREPORTAJES
650 _2Tesauro de Arte & Arquitectura
_aLIBROS
650 _2Tesauro de Arte & Arquitectura
_aNOTICIAS
651 _2Tesauro de Arte & Arquitectura
_aSUBASTAS
942 _2ddc
_c1
_h700
_iA786l
_n0
999 _c3700
_d3700